Thủ thuật lập trình Visual basic 6

Salvato in:
Dettagli Bibliografici
Autore principale: Nguyễn, Ngọc Bình Phương
Natura: Libro
Lingua:Undetermined
Pubblicazione: Hà Nội Giao thông vận tải 2004
Soggetti:
Tags: Aggiungi Tag
Nessun Tag, puoi essere il primo ad aggiungerne! !
Thư viện lưu trữ: Trung tâm Học liệu Trường Đại học Cần Thơ
LEADER 00704nam a2200193Ia 4500
001 CTU_212811
008 210402s9999 xx 000 0 und d
082 |a 005.15 
082 |b Ph561 
100 |a Nguyễn, Ngọc Bình Phương 
245 0 |a Thủ thuật lập trình Visual basic 6 
245 0 |c Nguyễn Ngọc Bình Phương 
260 |a Hà Nội 
260 |b Giao thông vận tải 
260 |c 2004 
650 |a Basic ( Computer Programs ),Internet( Computer Network ),Programming ( Electronic Computes ) 
904 |i Hạ Nguyên 
910 |a Sách kèm theo đĩa: AV.002292; AV.002292; AV.002294 
980 |a Trung tâm Học liệu Trường Đại học Cần Thơ